501 French Verbs (Registro nro. 9800)
[ vista simple ]
| 000 -CABECERA | |
|---|---|
| campo de control de longitud fija | 00568nam a22002297a 4500 |
| 005 - FECHA Y HORA DE ACTUALIZACIÓN | |
| campo de control | 20220128102343.0 |
| 008 - LONGITUD FIJA | |
| campo de control de longitud fija | 170824b xxu||||| |||| 00| 0 spa d |
| 020 ## - INTERNATIONAL STANDARD BOOK NUMBER | |
| Número Internacional Estándar del Libro | 9781438075204 |
| 041 ## - IDIOMA | |
| Código de idioma del texto/pista de sonido o título separado | |
| 082 ## - CLASIFICACIÓN DECIMAL DEWEY | |
| Número de clasificación | 443 K33q7 |
| 100 ## - AUTOR PERSONAL | |
| Nombre de persona | Kendris, Christopher |
| 245 ## - TÍTULO PROPIAMENTE DICHO | |
| Título | 501 French Verbs |
| 250 ## - EDICIÓN | |
| Mención de edición | 7 edición |
| 260 ## - PIE DE IMPRENTA | |
| Lugar de publicación, distribución, etc. | Estados Unidos |
| 300 ## - DESCRIPCIÓN FÍSICA | |
| Extensión | 760 páginas |
| 505 ## - Nota de Contenido | |
| Nota de contenido | Contiene disco compacto N° 783 |
| 650 ## - Materia General | |
| Materia general | FRANCÉS |
| 650 ## - Materia General | |
| Materia general | INGLÉS |
| 650 ## - Materia General | |
| Materia general | IDIOMA |
| 650 ## - Materia General | |
| Materia general | GRAMÁTICA |
| 942 ## - Punto de Acceso Adicional Koha | |
| Tipo de ítem Koha | Libro |
| Estado perdido | Estado dañado | No para préstamo | Biblioteca permanente | Biblioteca actual | Signatura completa | Código de barras | Precio efectivo a partir del | Tipo de ítem | Estado retirado | Fuente de clasificación o esquema de estantería |
|---|---|---|---|---|---|---|---|---|---|---|
| Departamento de Biblioteca y Documentación Alfonso Chase Brenes | Departamento de Biblioteca y Documentación Alfonso Chase Brenes | 443 K33q7 | 22595 | 25/08/2017 | Libro | |||||
| Dañado | Departamento de Biblioteca y Documentación Alfonso Chase Brenes | Departamento de Biblioteca y Documentación Alfonso Chase Brenes | 783 DC | 783DC | 28/08/2017 | Disco Compacto | Retirado | Dewey Decimal Classification |